La industria automotriz en México frente al nuevo siglo : países, tecnologías, movilidades y actores emergentes /

Guardado en:
Bibliografiske detaljer
Institution som forfatter: Coloquio La Industria Automotriz en México: Una Agenda para los Actores de Cara al Siglo XXI ( Ciudad de México)
Andre forfattere: Covarrubias Valdenebro, Alex (coordinación) (coordinación), Arteaga García, Arnulfo (coordinación) (coordinación)
Format: Procedimiento de la conferencia Bog
Sprog:spansk
Udgivet: México : Hermosillo, México : UAM Iztapalapa : Miguel Angel Porrúa ; El Colegio de Sonora, 2015, c2015
Serier:(Las Ciencias Sociales Miguel Angel Porrúa. Tercera Década)
Fag:
Tags: Tilføj Tag
Ingen Tags, Vær først til at tagge denne postø!

MARC

LEADER 00000nam^a2200000^a^4500
001 000382692
005 20250521000000.0
009 20260310120752.81
020 |a 978-607-28-0484-5 
020 |a 978-607-401-935-3 
037 |a Acervo ITESO - Biblioteca 
041 |a ESP 
082 |a 338. 47629222  |b COL 2013 
111 |a Coloquio La Industria Automotriz en México: Una Agenda para los Actores de Cara al Siglo XXI (  |d 2013 :  |c Ciudad de México) 
245 1 3 |a La industria automotriz en México frente al nuevo siglo :  |b países, tecnologías, movilidades y actores emergentes /  |c Coord. de A. Covarrubias Valdenebro, A. Arteaga García. 
264 4 |a México :  |b UAM Iztapalapa :  |b Miguel Angel Porrúa ;  |a Hermosillo, México :  |b El Colegio de Sonora,  |c 2015, c2015 
300 |a 277 p. 
336 |a texto  |b txt  |2 rdacontenido 
337 |a sin mediación  |b n  |2 rdamedio 
338 |a volumen  |b nc  |2 rdasoporte 
440 5 |a (Las Ciencias Sociales Miguel Angel Porrúa.  |p Tercera Década) 
521 |a FIL 2017 EEnlace Departamento de Economía, Administración y Mercadología 
649 |a XX 
650 |a Industria Automotriz -  |z Brasil 
650 |a Industria Automotriz -  |z México -  |x Tema Principal 
650 |a Industria Automotriz -  |z México -  |x Administración 
650 |a Industria Automotriz -  |z México -  |x Aspectos Económicos 
650 |a Transnacionales -  |x Administración 
650 |a Automóviles -  |z México -  |x Aspectos Sociales y Culturales -  |x Tema Principal 
650 |a Mercado de Trabajo -  |z México 
650 |a Sindicalismo -  |z México 
650 |a Relaciones Laborales -  |z Brasil 
650 |a Relaciones Laborales -  |z México -  |x Tema Principal 
650 |a Oferta y Demanda -  |z México 
650 |a Competencia (Economía) -  |z México -  |x Tema Principal 
650 |a Impacto Ambiental -  |z México 
650 |a Conservación y Protección Ambiental -  |z México 
650 |a Desarrollo Tecnológico -  |z México 
650 |a Desarrollo Regional -  |z México 
650 |a Desarrollo Económico-Social -  |z México 
650 |a Economía -  |z México -  |x Historia 
650 |a Sociología de la Economía 
700 |a Covarrubias Valdenebro, Alex  |e (coordinación) 
700 |a Arteaga García, Arnulfo  |e (coordinación) 
910 |a Fondo General 
920 |a Impresos - Libros 
930 |a Colección General 
905 |a 101 
901 |a 0500277577  |b IT1  |c ACC  |i D81892  |u 20250521 
901 |a 0500294796  |b IT1  |c ACC  |i c157763  |u 20250521 
902 |a https://opac.biblio.iteso.mx/vufind/Record/000382692